Представление документа в формате MARC21

Поле Инд. ПП Название Значение
Тип записи a
Библиографический уровень m
001 Контрольный номер RU/IS/BASE/157478772
005 Дата корректировки 20230516115656.2
008 Кодируемые данные 20041227
022 a ISSN 0132-1625
041 a Код языка текста rus
084 a Индекс другой классификации/Индекс ББК 60.5
090 a Полочн. индекс 95.2+60
x Авторский знак С 693
245 a Заглавие Социологические исследования
b Продолж. заглавия Социс : ежемесячный научный и общественно-политический журнал РАН
n Номер части/ раздела №12/2004
c Ответственность учредитель: РАН; гл. ред. Ж. Т. Тощенко
246 a Другая форма заглавия Социс
260 a Место издания Москва
b Издательство Наука
c Дата издания 2004
300 a Объем 160 с.
500 a Примечание Журнал
504 a Библиография Указ. авт. и ст. за 2004 г.
a Библиография Журнальный гид (оглавления отечественных и зарубежных социологических журналов)
530 a Примеч. о доп. формах оглавление
650 a Основная рубрика социология
653 a Ключевые слова социологические исследования
773 w Контрольный № источника RU/IS/BASE/381422929
900 a Имя электронного ресурса ~p_sotsis_12_04
d Дата загрузки макрообъекта 20100101
x Справочная информация Оглавление
901 t Тип документа s